| 000 | 01124nam a22002537a 4500 | ||
|---|---|---|---|
| 001 | BD-DhSAU 8780 | ||
| 003 | BD-DhSAU | ||
| 005 | 20181212094133.0 | ||
| 008 | 150613b2008 bg a|||| m||| 00| 0 eng d | ||
| 040 | _aBD-DhSAU | ||
| 082 |
_222 _a595.7 _bK5273 |
||
| 100 |
_aKhan, Md. Sirajul Islam _eRegistration # 00651 |
||
| 245 |
_aAssessment of ionic toxicity of water sources and their suitablity for irrigation, drinking, livestock and industrial uses / _bMS thesis _cMd. Sirajul Islam Islam |
||
| 260 |
_aSher-e-Bangla Agricultural University : _bDepartment of Agricultural Chemistry, _c2008. |
||
| 300 |
_axiv, 81 p. : _bill. ; _c29 cm. |
||
| 500 | _aMS thesis of Department of Agricultural Chemistry, Faculty of Agriculture, Sher-e-Bangla Agricultural University, Dhaka, Bangladesh | ||
| 504 | _aIncludes bibliographical reference. | ||
| 590 | _aJerin | ||
| 650 | _aAgricultural Chemistry | ||
| 700 |
_aRazzaque, Md. Abdur _eSuperviser |
||
| 700 |
_aMazumder, Md. Azizur Rahman _eCo-superviser |
||
| 856 | _uhttp://archive.saulibrary.edu.bd:8080/xmlui/handle/123456789/1916 | ||
| 942 |
_2ddc _cTHESIS |
||
| 999 |
_c8780 _d8780 |
||